Lacan et l'insistance de la lettre (notice n° 1595401)

détails MARC
000 -LEADER
fixed length control field 01595cam a2200241 4500500
005 - DATE AND TIME OF LATEST TRANSACTION
control field 20251228073529.0
041 ## - LANGUAGE CODE
Language code of text/sound track or separate title fre
042 ## - AUTHENTICATION CODE
Authentication code dc
100 10 - MAIN ENTRY--PERSONAL NAME
Personal name Aubert, Jacques
Relator term author
245 00 - TITLE STATEMENT
Title Lacan et l'insistance de la lettre
260 ## - PUBLICATION, DISTRIBUTION, ETC.
Date of publication, distribution, etc. 2013.<br/>
500 ## - GENERAL NOTE
General note 91
520 ## - SUMMARY, ETC.
Summary, etc. Lire Joyce, c’est le prendre au pied de la lettre, et le prendre, même, au pied du rébus, au pied des choses, in medias res. Une telle lecture en acte, un tel acte de lecture crée donc tout d’un coup un effet qui ouvre comme un temps logique de lecture, définissant un entour de la lettre en termes de silence. Joyce réussit à introduire justement cet espace autour de la lettre, l’entourant d’une indécision, aux limites du hors-sens.
520 ## - SUMMARY, ETC.
Summary, etc. Lacan and the insistency of the letterReading Joyce implies taking him literally, if not even in terms of rebus, in medias res so to speak. Such an active reading as an act in the full sense of the word, creates a new temporality in the reading process, in which the letter stands out against a background of silence. Joyce thus manages to open up around the letter a space of sorts, bordering on meaninglessness.
690 ## - LOCAL SUBJECT ADDED ENTRY--TOPICAL TERM (OCLC, RLIN)
Topical term or geographic name as entry element jouissance opaque
690 ## - LOCAL SUBJECT ADDED ENTRY--TOPICAL TERM (OCLC, RLIN)
Topical term or geographic name as entry element la lettre comme inséparable du blanc
690 ## - LOCAL SUBJECT ADDED ENTRY--TOPICAL TERM (OCLC, RLIN)
Topical term or geographic name as entry element suspens silencieux
690 ## - LOCAL SUBJECT ADDED ENTRY--TOPICAL TERM (OCLC, RLIN)
Topical term or geographic name as entry element jouissance opaque
690 ## - LOCAL SUBJECT ADDED ENTRY--TOPICAL TERM (OCLC, RLIN)
Topical term or geographic name as entry element letter and blank as inseparable
690 ## - LOCAL SUBJECT ADDED ENTRY--TOPICAL TERM (OCLC, RLIN)
Topical term or geographic name as entry element silent suspense
786 0# - DATA SOURCE ENTRY
Note Savoirs et clinique | 16 | 1 | 2013-02-01 | p. 125-132 | 1634-3298
856 41 - ELECTRONIC LOCATION AND ACCESS
Uniform Resource Identifier <a href="https://shs.cairn.info/revue-savoirs-et-cliniques-2013-1-page-125?lang=fr&redirect-ssocas=7080">https://shs.cairn.info/revue-savoirs-et-cliniques-2013-1-page-125?lang=fr&redirect-ssocas=7080</a>

Pas d'exemplaire disponible.

PLUDOC

PLUDOC est la plateforme unique et centralisée de gestion des bibliothèques physiques et numériques de Guinée administré par le CEDUST. Elle est la plus grande base de données de ressources documentaires pour les Étudiants, Enseignants chercheurs et Chercheurs de Guinée.

Adresse

627 919 101/664 919 101

25 boulevard du commerce
Kaloum, Conakry, Guinée

Réseaux sociaux

Powered by Netsen Group @ 2025